Backyard : (Record no. 3797)
[ view plain ]
| 000 -LEADER | |
|---|---|
| fixed length control field | 01398cam a22004457a 4500 |
| 001 - CONTROL NUMBER | |
| control field | 3797 |
| 003 - CONTROL NUMBER IDENTIFIER | |
| control field | FISKH |
| 005 - DATE AND TIME OF LATEST TRANSACTION | |
| control field | 20240508142516.0 |
| 008 - FIXED-LENGTH DATA ELEMENTS--GENERAL INFORMATION | |
| fixed length control field | 100901s2010 nyua 000 0 eng d |
| 010 ## - LIBRARY OF CONGRESS CONTROL NUMBER | |
| LC control number | 2010459418 |
| 020 ## - INTERNATIONAL STANDARD BOOK NUMBER | |
| International Standard Book Number | 0756663067 |
| 020 ## - INTERNATIONAL STANDARD BOOK NUMBER | |
| International Standard Book Number | 9780756663063 |
| 035 ## - SYSTEM CONTROL NUMBER | |
| System control number | (OCoLC)ocn655298692 |
| 040 ## - CATALOGING SOURCE | |
| Original cataloging agency | B2A |
| Transcribing agency | B2A |
| Modifying agency | DLC |
| Language of cataloging | eng |
| 042 ## - AUTHENTICATION CODE | |
| Authentication code | lccopycat |
| 050 00 - LIBRARY OF CONGRESS CALL NUMBER | |
| Classification number | Q164 |
| Item number | .B96 2010 |
| 082 00 - DEWEY DECIMAL CLASSIFICATION NUMBER | |
| Classification number | 507.8 |
| Edition number | 22 |
| 100 1# - MAIN ENTRY--PERSONAL NAME | |
| Personal name | Burke, Lisa, |
| Dates associated with a name | 1977- |
| 245 10 - TITLE STATEMENT | |
| Title | Backyard : |
| Remainder of title | fun experiments for budding scientists / |
| Statement of responsibility, etc. | Lisa Burke. |
| 246 14 - VARYING FORM OF TITLE | |
| Title proper/short title | I'm a scientist : |
| Remainder of title | backyard |
| 246 30 - VARYING FORM OF TITLE | |
| Title proper/short title | In the garden |
| 246 30 - VARYING FORM OF TITLE | |
| Title proper/short title | Mini scientist in the garden |
| 246 1# - VARYING FORM OF TITLE | |
| Display text | At head of title: |
| Title proper/short title | DK |
| 260 ## - PUBLICATION, DISTRIBUTION, ETC. | |
| Place of publication, distribution, etc. | New York : |
| Name of publisher, distributor, etc. | DK, |
| Date of publication, distribution, etc. | c2010. |
| 300 ## - PHYSICAL DESCRIPTION | |
| Extent | 23 pages : |
| Other physical details | color illustrations |
| Dimensions | 25 cm |
| 490 1# - SERIES STATEMENT | |
| Series statement | I'm a scientist |
| 490 1# - SERIES STATEMENT | |
| Series statement | Mini scientist |
| 500 ## - GENERAL NOTE | |
| General note | Cover title. |
| 500 ## - GENERAL NOTE | |
| General note | With fold-out flaps. |
| 520 ## - SUMMARY, ETC. | |
| Summary, etc. | 11 hands-on experiments that bring science to life, right in your own backyard. |
| 650 #0 - SUBJECT ADDED ENTRY--TOPICAL TERM | |
| Topical term or geographic name entry element | Science |
| General subdivision | Experiments |
| Form subdivision | Juvenile literature. |
| 650 #0 - SUBJECT ADDED ENTRY--TOPICAL TERM | |
| Topical term or geographic name entry element | Nature |
| Form subdivision | Juvenile literature. |
| 650 #0 - SUBJECT ADDED ENTRY--TOPICAL TERM | |
| Topical term or geographic name entry element | Lift-the-flap books |
| Form subdivision | Specimens. |
| 650 #1 - SUBJECT ADDED ENTRY--TOPICAL TERM | |
| Topical term or geographic name entry element | Science |
| General subdivision | Experiments. |
| 650 #1 - SUBJECT ADDED ENTRY--TOPICAL TERM | |
| Topical term or geographic name entry element | Nature. |
| 655 #1 - INDEX TERM--GENRE/FORM | |
| Genre/form data or focus term | Lift-the-flap books. |
| 800 1# - SERIES ADDED ENTRY--PERSONAL NAME | |
| Personal name | Burke, Lisa, |
| Dates associated with a name | 1977- |
| Title of a work | I'm a scientist. |
| 906 ## - LOCAL DATA ELEMENT F, LDF (RLIN) | |
| a | 7 |
| b | cbc |
| c | copycat |
| d | 2 |
| e | ncip |
| f | 20 |
| g | y-gencatlg |
| 942 ## - ADDED ENTRY ELEMENTS (KOHA) | |
| Source of classification or shelving scheme | Dewey Decimal Classification |
| Koha item type | Books |
| Suppress in OPAC | No |
| Withdrawn status | Lost status | Source of classification or shelving scheme | Damaged status | Not for loan | Collection | Home library | Current library | Shelving location | Date acquired | Total Checkouts | Full call number | Barcode | Date last seen | Price effective from | Koha item type |
|---|---|---|---|---|---|---|---|---|---|---|---|---|---|---|---|
| Dewey Decimal Classification | Reference | Footprints International School Library Network Toul Kork Campus | Footprints International School Library Network Toul Kork Campus | 05/08/2024 | BUR 507.8 Q164.B96 | 2024-0589 | 05/08/2024 | 05/08/2024 | Books |
